Tous les noms des films Harry Potter - Statistiques

Statistiques générales
  • Ce quiz a été pris 203 fois
  • Le résultat moyen est 7 sur 8
Statistiques - réponses
Films Nom % Correct
Numéro 2 Harry Potter et la Chambre des secrets
97%
Numéro 1 Harry Potter à l'école des sorciers
95%
Numéro 4 Harry Potter et la Coupe de feu
94%
Numéro 3 Harry Potter et le Prisonnier d'Azkaban
91%
Numéro 6 Harry Potter et le Prince de sang-mêlé
86%
Numéro 7 Harry Potter et les reliques de la mort : Partie 1
85%
Numéro 8 Harry Potter et les reliques de la mort : Partie 2
85%
Numéro 5 Harry Potter et l'Ordre du Phénix
76%
Aucun quiz correspondant
Distribution des résultats
% des personnes avec chaque résultat
Percentile par nombre de réponses
Votre historique - résultats
Vous n’avez pas pris ce quiz